000 00382nmm a2200145Ia 4500
008 251105s9999||||xx |||||||||||||||||und||
041 _aspa
100 _aTsabary, Shefali
245 0 _aSin control
264 _a[Madrid, España] :
_bEdiciones B,
_c2016
300 _a296 páginas
650 _aFamily
856 _uhttps://public.digitaliapublishing.com/a/53638
942 _cCF
999 _c106219
_d106219